02185nas a2200289Ia 4500001001100000003001000011008004100021040002500062041001300087100002000100210002400120222002400144245017400168250001100342260008800353300001200441310001500453362003700468500052300505501011401028520052301142650002201665942000701687957000601694999003301700952016201733R050-S0982IT-CnALBA170116c99999999xx |||||||||||| ||und|| aIT-CnALBAcIT-CnALBA aITALIANO aSARTORI GIACOMO aLA SCUOLA CATTOLICA aLA SCUOLA CATTOLICA 0aLA SCUOLA CATTOLICA. GENNAIO DICEMBRE 1950. RIVISTA DI SCIENZE RELIGIOSE. SEMINARIO ARCIVESCOVILE MILANO. b RIVISTA DI SCIENZE RELIGIOSE SEMINARIO ARCIVESCOVILE MILANO a1a ed. a MONZAbARTIGIANELLI SCUOLA TIPOGR. c1950 [1° Ed.:1950 - Ed.Ling.Originale: 1950] a480 p.  aBIMESTRALE aFascicolo: 1-6 / Anno: 76 (1950) aBRESSAN G. SCHUSTER I. SIRONI G. CONCEZIONI SACRAMENTALI SACRIFICIO MESSA. CATECHESI IN OCCIDENTE. PER LA GLORIA DI DIO. LA VITA MONASTICA DELL'ARCIVESCFOVILE SCHUSTER. L'OPERA DI FILIPPOMEDA. RECENSIONI G. VANGELI APOCRIFI (P. DE AMBROGGI). SPICQ P. SPIRITUALITÀ SACERDOTALE IN S. PAOLO. B. DA MONTECCHIO, LE EPISTOLE DELLE MESSE FESTIVE (DE AMBROGGI P.) GOOSSENS W. LA CHIESA CORPO DI CRISTO. G. RICCIOTTI, LE LETTERE DI S. PAOLO, STUDI MORALI. NOTE E INFORMAZIONI BIBLIOGRAFICHE. CRONACA SCIENTIFICA E RELIGIOSA.  aSocietà San Paolo EM - Piazza San Paolo, 14 - 12051 ALBA (CN) (non commercial uses only) ® Copyright 2017 aBRESSAN G. SCHUSTER I. SIRONI G. CONCEZIONI SACRAMENTALI SACRIFICIO MESSA. CATECHESI IN OCCIDENTE. PER LA GLORIA DI DIO. LA VITA MONASTICA DELL'ARCIVESCFOVILE SCHUSTER. L'OPERA DI FILIPPOMEDA. RECENSIONI G. VANGELI APOCRIFI (P. DE AMBROGGI). SPICQ P. SPIRITUALITÀ SACERDOTALE IN S. PAOLO. B. DA MONTECCHIO, LE EPISTOLE DELLE MESSE FESTIVE (DE AMBROGGI P.) GOOSSENS W. LA CHIESA CORPO DI CRISTO. G. RICCIOTTI, LE LETTERE DI S. PAOLO, STUDI MORALI. NOTE E INFORMAZIONI BIBLIOGRAFICHE. CRONACA SCIENTIFICA E RELIGIOSA.  aSCIENZE RELIGIOSE cCR 71 a62548bNOg1c329574d329574 0010406R_050S098271aALBAbALBAd2017-01-16l0oR050-S0982r2017-01-16 00:00:00w2017-01-16yCRz(data import: 16 gennaio 2017) - By Epidotti, Vaglietti.